[Event "11th Gashimov Mem Rapid"]
[Site "Stepanakert ARM"]
[Date "2025.12.09"]
[Round "1.1"]
[White "Suleymanli, Aydin"]
[Black "Tabatabaei, M. Amin"]
[Result "1/2-1/2"]
[WhiteTitle "GM"]
[BlackTitle "GM"]
[WhiteElo "2628"]
[BlackElo "2700"]
[WhiteFideId "13413937"]
[BlackFideId "12521213"]
[EventDate "2025.12.09"]

1. e4 e5 2. Nf3 Nf6 3. d4 Nxe4 4. Bd3 d5 5. Nxe5 Nd7 6. O-O Nxe5 7. dxe5 Nc5 8.
Be2 Be7 9. c3 a5 10. Be3 O-O 11. Nd2 a4 12. f4 f6 13. Nf3 c6 14. c4 Be6 15. Rc1
dxc4 16. Bxc4 fxe5 17. Qc2 Kh8 18. Nxe5 Qe8 19. Rcd1 Bf5 20. Qf2 Ne4 21. Qf3 Nd6
22. Be2 Nf7 23. Bd4 Bf6 24. Qe3 Be6 25. Bd3 Nxe5 26. fxe5 Be7 27. Qe4 Qh5 28.
Be2 Qh4 29. Qxh4 Bxh4 30. Rxf8+ Rxf8 31. Bc5 Rd8 32. a3 Rxd1+ 33. Bxd1 b5 34.
Bf3 Bd5 35. Bg4 Kg8 36. Bd7 Kf7 37. g3 Bg5 38. e6+ Bxe6 39. Bxc6 Bc4 40. Bd4 1/2-1/2

[Event "11th Gashimov Mem Rapid"]
[Site "Stepanakert ARM"]
[Date "2025.12.09"]
[Round "1.2"]
[White "Yakubboev, Nodirbek"]
[Black "Nepomniachtchi, Ian"]
[Result "0-1"]
[WhiteTitle "GM"]
[BlackTitle "GM"]
[WhiteElo "2691"]
[BlackElo "2723"]
[WhiteFideId "14203987"]
[BlackFideId "4168119"]
[EventDate "2025.12.09"]

1. c4 Nf6 2. Nf3 e6 3. g3 d5 4. Bg2 Be7 5. O-O O-O 6. b3 c5 7. Bb2 Nc6 8. e3 d4
9. exd4 cxd4 10. Re1 Bc5 11. Ne5 Nxe5 12. Rxe5 Nd7 13. Re2 a5 14. d3 Ra6 15. Na3
e5 16. Nb5 f5 17. a3 f4 18. Bd5+ Kh8 19. Qe1 Rg6 20. b4 Bb6 21. Be4 Rh6 22. c5
Bc7 23. Nxc7 Qxc7 24. f3 fxg3 25. hxg3 Nf6 26. Bc1 Rh3 27. Rh2 Nxe4 28. Rxh3
Bxh3 29. Qxe4 Bf5 30. Qe2 Qc6 31. Bg5 h6 32. Be7 Bxd3 33. Qxd3 Rxf3 34. b5 Qd5
35. Qg6 d3 36. Qg4 d2 37. Rd1 Qd3 38. Bg5 Rxg3+ 0-1

[Event "11th Gashimov Mem Rapid"]
[Site "Stepanakert ARM"]
[Date "2025.12.09"]
[Round "1.3"]
[White "Mamedov, Rauf"]
[Black "Fedoseev, Vladimir3"]
[Result "1/2-1/2"]
[WhiteTitle "GM"]
[BlackTitle "GM"]
[WhiteElo "2645"]
[BlackElo "2705"]
[WhiteFideId "13401653"]
[BlackFideId "24130737"]
[EventDate "2025.12.09"]

1. e4 e5 2. Nf3 Nc6 3. Bb5 Nf6 4. O-O Nxe4 5. Re1 Nd6 6. Nxe5 Be7 7. Bf1 Nxe5 8.
Rxe5 O-O 9. d4 Bf6 10. Re1 Re8 11. Rxe8+ Nxe8 12. c3 d5 13. Bf4 Be7 14. Nd2 Bd6
15. Qf3 Be6 16. Re1 Bxf4 17. Qxf4 Qf6 18. Qxf6 Nxf6 19. f3 b6 20. Kf2 Kf8 21.
Ba6 Rb8 22. Bb5 c5 23. Bd3 Ke7 1/2-1/2

[Event "11th Gashimov Mem Rapid"]
[Site "Stepanakert ARM"]
[Date "2025.12.09"]
[Round "2.1"]
[White "Tabatabaei, M. Amin"]
[Black "Fedoseev, Vladimir3"]
[Result "0-1"]
[WhiteTitle "GM"]
[BlackTitle "GM"]
[WhiteElo "2700"]
[BlackElo "2705"]
[WhiteFideId "12521213"]
[BlackFideId "24130737"]
[EventDate "2025.12.09"]

1. e4 e5 2. Nf3 Nf6 3. Nxe5 d6 4. Nf3 Nxe4 5. Qe2 Qe7 6. g3 d5 7. Bg2 Nd6 8. Nc3
c6 9. b3 Qxe2+ 10. Kxe2 Bg4 11. Re1 Bxf3+ 12. Bxf3 g6 13. Kf1+ Kd7 14. Na4 Na6
15. Bb2 Rg8 16. Bf6 Re8 17. Bg4+ Kc7 18. Rxe8 Nxe8 19. Be5+ Kd8 20. Re1 Nb4 21.
Bd1 b5 22. Nc3 Bd6 23. Bd4 c5 24. Be5 Bxe5 25. Rxe5 Nc7 26. Re1 Kd7 27. a3 Nc6
28. Bf3 Kd6 29. a4 Nd4 30. Bd1 a6 31. axb5 axb5 32. Ne2 Nf3 0-1

[Event "11th Gashimov Mem Rapid"]
[Site "Stepanakert ARM"]
[Date "2025.12.09"]
[Round "2.2"]
[White "Nepomniachtchi, Ian"]
[Black "Mamedov, Rauf"]
[Result "1/2-1/2"]
[WhiteTitle "GM"]
[BlackTitle "GM"]
[WhiteElo "2723"]
[BlackElo "2645"]
[WhiteFideId "4168119"]
[BlackFideId "13401653"]
[EventDate "2025.12.09"]

1. e4 c5 2. Nf3 d6 3. d4 cxd4 4. Qxd4 Nf6 5. h3 Nc6 6. Qe3 d5 7. e5 d4 8. Qb3
Nxe5 9. Bb5+ Ned7 10. Nxd4 a6 11. Be2 e5 12. Nf3 e4 13. Ng5 Qe7 14. h4 Nc5 15.
Qg3 h6 16. Nh3 Ne6 17. c3 Qd8 18. Nf4 Bd6 19. Nxe6 Bxe6 20. Bf4 Bxf4 21. Qxf4
Qb6 22. b3 O-O 23. Qe3 Qc7 24. c4 Bg4 25. Nc3 Bxe2 26. Qxe2 e3 27. fxe3 Qa5 28.
Rc1 Ne4 29. Qc2 Nxc3 30. Qxc3 Qxa2 31. O-O Qe2 32. Rf2 Qg4 33. Qd4 Qe6 34. Rd1
b5 1/2-1/2

[Event "11th Gashimov Mem Rapid"]
[Site "Stepanakert ARM"]
[Date "2025.12.09"]
[Round "2.3"]
[White "Suleymanli, Aydin"]
[Black "Yakubboev, Nodirbek"]
[Result "0-1"]
[WhiteTitle "GM"]
[BlackTitle "GM"]
[WhiteElo "2628"]
[BlackElo "2691"]
[WhiteFideId "13413937"]
[BlackFideId "14203987"]
[EventDate "2025.12.09"]

1. c4 Nf6 2. Nc3 e6 3. Nf3 d5 4. e3 Bd6 5. b3 O-O 6. Bb2 Nc6 7. Qc2 Re8 8. d4 e5
9. dxe5 Nxe5 10. cxd5 Bg4 11. Be2 Bh5 12. Nxe5 Rxe5 13. Bxh5 Rxh5 14. O-O-O Be5
15. f4 Bxc3 16. Qxc3 Rxd5 17. e4 Rd6 18. e5 Nd5 19. Qg3 Rg6 20. Qf3 c6 21. h4 h5
22. f5 Rg4 23. f6 gxf6 24. exf6 Qd6 25. Rhe1 Qg3 26. Qxg3 Rxg3 27. Re7 Rxg2 28.
Rxb7 Re8 29. Kb1 Ree2 30. Bd4 Rxa2 31. Re1 Rae2 32. Rxe2 Rxe2 33. Rxa7 Re4 34.
Bb2 Rxh4 35. Ra8+ Kh7 36. Rf8 Kg6 37. Rg8+ Kf5 38. Rf8 Nb4 39. Bc3 Rh1+ 40. Kb2
Nd5 41. Ba5 Rh2+ 42. Ka3 Kxf6 43. Rc8 Rc2 44. b4 Kg7 45. Kb3 Rc3+ 46. Kb2 h4 47.
Bc7 Re3 48. Bd6 Re6 49. Bf8+ Kh7 50. Ra8 h3 51. Ra1 Re2+ 52. Kb3 Re3+ 53. Kc4
Rf3 54. Kc5 Rc3+ 55. Kd4 Rc2 56. Rh1 h2 57. Kd3 Rb2 58. Bd6 Kg6 59. Kc4 Rc2+ 60.
Kd3 Rg2 61. Rxh2 Nxb4+ 62. Kd4 Rxh2 63. Bxh2 Na6 64. Ke5 Kg5 65. Bf4+ Kg4 66.
Bh6 f5 67. Be3 Nb8 68. Kd6 f4 69. Ba7 f3 70. Be3 Kg3 0-1

[Event "11th Gashimov Mem Rapid"]
[Site "Stepanakert ARM"]
[Date "2025.12.09"]
[Round "3.1"]
[White "Yakubboev, Nodirbek"]
[Black "Tabatabaei, M. Amin"]
[Result "1/2-1/2"]
[WhiteTitle "GM"]
[BlackTitle "GM"]
[WhiteElo "2691"]
[BlackElo "2700"]
[WhiteFideId "14203987"]
[BlackFideId "12521213"]
[EventDate "2025.12.09"]

1. c4 c5 2. Nf3 Nf6 3. Nc3 d5 4. cxd5 Nxd5 5. e4 Nb4 6. Bc4 Nd3+ 7. Ke2 Nxc1+ 8.
Rxc1 a6 9. d4 e6 10. Bb3 cxd4 11. Nxd4 Bd7 12. Qd3 Nc6 13. Rhd1 Nxd4+ 14. Qxd4
Bc6 15. Bd5 exd5 16. exd5 Bd7 17. Kf1 f5 18. d6 Kf7 19. Qd5+ Kg6 20. Ne2 Bb5 21.
Rc3 Qd7 22. Rg3+ Kf6 23. Qd4+ Kf7 24. Qd5+ Kf6 25. Qd4+ Kf7 26. Qd5+ 1/2-1/2

[Event "11th Gashimov Mem Rapid"]
[Site "Stepanakert ARM"]
[Date "2025.12.09"]
[Round "3.2"]
[White "Mamedov, Rauf"]
[Black "Suleymanli, Aydin"]
[Result "0-1"]
[WhiteTitle "GM"]
[BlackTitle "GM"]
[WhiteElo "2645"]
[BlackElo "2628"]
[WhiteFideId "13401653"]
[BlackFideId "13413937"]
[EventDate "2025.12.09"]

1. e4 c5 2. Nf3 d6 3. Nc3 Nf6 4. g3 Nc6 5. Bg2 g6 6. O-O Bg4 7. h3 Bxf3 8. Bxf3
Bg7 9. Bg2 e6 10. a3 O-O 11. Rb1 a6 12. b4 b5 13. d3 Rc8 14. Ne2 cxb4 15. axb4
d5 16. exd5 Nxd5 17. Bd2 Qe7 18. c3 Rfd8 19. Ra1 Qa7 20. Qb1 Ne5 21. Rd1 h6 22.
Ra3 Rd6 23. Be1 Rcd8 24. Nd4 Qc7 25. Rc1 Ne7 26. Bd2 g5 27. Re1 N7g6 28. Be3 Qc8
29. Rd1 Ne7 30. Re1 Nd5 31. Bd2 Nxb4 32. Rxe5 Nxd3 33. Re3 b4 34. Rb3 bxc3 35.
Rxc3 Nc5 36. Nb3 Rxd2 37. Nxd2 Rxd2 38. Qb4 Bf8 39. Rc1 Rd7 40. Rec3 Nd3 41. Qb6
Qe8 42. Rd1 Bc5 43. Qc6 Bxf2+ 44. Kf1 Ne5 45. Kxf2 Nxc6 46. Bxc6 Qb8 0-1

[Event "11th Gashimov Mem Rapid"]
[Site "Stepanakert ARM"]
[Date "2025.12.09"]
[Round "3.3"]
[White "Fedoseev, Vladimir3"]
[Black "Nepomniachtchi, Ian"]
[Result "1/2-1/2"]
[WhiteTitle "GM"]
[BlackTitle "GM"]
[WhiteElo "2705"]
[BlackElo "2723"]
[WhiteFideId "24130737"]
[BlackFideId "4168119"]
[EventDate "2025.12.09"]

1. d4 Nf6 2. c4 e6 3. Nf3 d5 4. Nc3 Be7 5. Bg5 h6 6. Bh4 dxc4 7. e3 c5 8. dxc5
Qxd1+ 9. Rxd1 Nbd7 10. Bxc4 Nxc5 11. Bb5+ Bd7 12. Bxd7+ Nfxd7 13. Bg3 Nf6 14.
Nd4 Nfe4 15. Nxe4 Nxe4 16. Ke2 Rc8 17. Rc1 O-O 18. Be5 a6 19. Nb3 Rfd8 20. Bd4
Bf6 21. Rhd1 Rxc1 22. Rxc1 Bxd4 23. Nxd4 Rd7 24. Rc8+ Kh7 25. f3 Nd6 26. Rc5 g5
27. Nc2 Kg6 28. Nb4 f6 29. a4 Kf7 30. e4 Ke7 31. Ke3 Ne8 32. Nd3 Rc7 33. a5 Kd6
34. b4 e5 35. Kd2 Rc6 36. Rd5+ Ke7 37. Rc5 Kd6 38. Rd5+ Ke7 39. Rc5 1/2-1/2

[Event "11th Gashimov Mem Rapid"]
[Site "Stepanakert ARM"]
[Date "2025.12.09"]
[Round "4.1"]
[White "Tabatabaei, M. Amin"]
[Black "Nepomniachtchi, Ian"]
[Result "1/2-1/2"]
[WhiteTitle "GM"]
[BlackTitle "GM"]
[WhiteElo "2700"]
[BlackElo "2723"]
[WhiteFideId "12521213"]
[BlackFideId "4168119"]
[EventDate "2025.12.09"]

1. e4 e5 2. Nf3 Nf6 3. Nxe5 d6 4. Nf3 Nxe4 5. Qe2 Qe7 6. g3 d5 7. Bg2 Nd6 8. Nc3
c6 9. O-O Qxe2 10. Nxe2 Be7 11. Re1 O-O 12. d3 Re8 13. Bf4 Na6 14. Ned4 Nf5 15.
c4 dxc4 16. dxc4 Nxd4 17. Nxd4 Bd7 18. Rad1 Bf6 19. Rxe8+ Rxe8 20. Be3 Bc8 21.
a3 Rd8 22. b4 Be6 23. Bf1 c5 24. bxc5 Bg4 25. Re1 Nxc5 26. h3 Bd7 27. Nb5 Bxb5
28. cxb5 b6 29. Bxc5 bxc5 30. a4 Kf8 31. Rc1 Rd2 32. Rxc5 Bd4 33. Rf5 Bb6 34.
Bc4 f6 35. Rf3 Ke7 36. h4 g6 37. Kf1 f5 38. Ke1 Rb2 39. Kf1 Kf6 40. Kg2 Ke5 41.
Bg8 Kf6 42. Bc4 Ke5 1/2-1/2

[Event "11th Gashimov Mem Rapid"]
[Site "Stepanakert ARM"]
[Date "2025.12.09"]
[Round "4.2"]
[White "Suleymanli, Aydin"]
[Black "Fedoseev, Vladimir3"]
[Result "0-1"]
[WhiteTitle "GM"]
[BlackTitle "GM"]
[WhiteElo "2628"]
[BlackElo "2705"]
[WhiteFideId "13413937"]
[BlackFideId "24130737"]
[EventDate "2025.12.09"]

1. e4 e5 2. Nf3 Nf6 3. d4 exd4 4. e5 Ne4 5. Qxd4 d5 6. exd6 Nxd6 7. Nc3 Nc6 8.
Qf4 Be6 9. Be3 g6 10. O-O-O Bg7 11. Nb5 O-O 12. Bc5 a6 13. Nbd4 Nxd4 14. Nxd4
Re8 15. Nxe6 Rxe6 16. Bc4 Be5 17. Qd2 Bxb2+ 18. Kb1 Re4 19. Bxf7+ Kxf7 20. Qd5+
Re6 21. Rhe1 Qf6 22. Bxd6 Rd8 23. Rxe6 Qxe6 24. Qxe6+ Kxe6 25. Re1+ Kxd6 26.
Rd1+ Ke7 27. Rxd8 Kxd8 28. Kxb2 Ke7 29. Kc3 Kd6 30. f4 Kd5 31. Kd3 b5 32. g4 a5
33. h3 c6 34. c3 h6 35. a3 h5 36. Ke3 h4 37. Kd3 c5 38. Ke3 b4 39. axb4 axb4 40.
cxb4 cxb4 41. Kd3 b3 42. f5 gxf5 43. gxf5 Ke5 44. Kc3 Kxf5 45. Kxb3 Kf4 46. Kc2
Kg3 47. Kd2 Kxh3 48. Ke2 Kg2 0-1

[Event "11th Gashimov Mem Rapid"]
[Site "Stepanakert ARM"]
[Date "2025.12.09"]
[Round "4.3"]
[White "Yakubboev, Nodirbek"]
[Black "Mamedov, Rauf"]
[Result "0-1"]
[WhiteTitle "GM"]
[BlackTitle "GM"]
[WhiteElo "2691"]
[BlackElo "2645"]
[WhiteFideId "14203987"]
[BlackFideId "13401653"]
[EventDate "2025.12.09"]

1. e4 c5 2. Nf3 d6 3. d4 cxd4 4. Nxd4 Nf6 5. Nc3 g6 6. Be3 Bg7 7. f3 Nc6 8. Bc4
O-O 9. Bb3 Bd7 10. h4 Nxd4 11. Bxd4 b5 12. h5 a5 13. hxg6 hxg6 14. Nd5 Nxd5 15.
Bxd5 Rc8 16. a3 e6 17. Bb3 Qg5 18. Kf1 a4 19. Bxg7 Kxg7 20. Ba2 Qc5 21. c3 b4
22. axb4 Bb5+ 23. c4 Bxc4+ 24. Bxc4 Qxc4+ 25. Kf2 Qxb4 26. Rxa4 Qxb2+ 27. Kg3
Qe5+ 28. Kf2 Rb8 29. Ra2 Rb7 30. Qd2 Rfb8 31. Qh6+ Kf6 32. Qh4+ g5 33. Qh6+ Ke7 0-1

[Event "11th Gashimov Mem Rapid"]
[Site "Stepanakert ARM"]
[Date "2025.12.09"]
[Round "5.1"]
[White "Mamedov, Rauf"]
[Black "Tabatabaei, M. Amin"]
[Result "1/2-1/2"]
[WhiteTitle "GM"]
[BlackTitle "GM"]
[WhiteElo "2645"]
[BlackElo "2700"]
[WhiteFideId "13401653"]
[BlackFideId "12521213"]
[EventDate "2025.12.09"]

1. e4 e5 2. Nf3 Nf6 3. Nxe5 d6 4. Nf3 Nxe4 5. d4 d5 6. Bd3 Be7 7. O-O Nc6 8.
Nbd2 Bf5 9. Re1 Nxd2 10. Qxd2 Bg6 11. c3 O-O 12. Bxg6 hxg6 13. Qf4 Bd6 14. Qg4
Qc8 15. Qxc8 Raxc8 16. g3 Rfe8 17. Bd2 f6 18. h4 Kf7 19. Rxe8 Rxe8 20. Kf1 Nd8
21. Ne1 Ne6 22. Nd3 c6 23. a4 a6 24. Re1 Bc7 1/2-1/2

[Event "11th Gashimov Mem Rapid"]
[Site "Stepanakert ARM"]
[Date "2025.12.09"]
[Round "5.2"]
[White "Fedoseev, Vladimir3"]
[Black "Yakubboev, Nodirbek"]
[Result "0-1"]
[WhiteTitle "GM"]
[BlackTitle "GM"]
[WhiteElo "2705"]
[BlackElo "2691"]
[WhiteFideId "24130737"]
[BlackFideId "14203987"]
[EventDate "2025.12.09"]

1. d4 Nf6 2. c4 e6 3. Nf3 d5 4. Nc3 Nbd7 5. e3 b6 6. Bd3 Bb7 7. O-O Bd6 8. Qe2
dxc4 9. Bxc4 c5 10. Rd1 O-O 11. Ne5 Qb8 12. f4 a6 13. a4 Qc7 14. Bd2 Rfc8 15.
Bd3 cxd4 16. exd4 Nf8 17. Be1 Ng6 18. Bg3 Qd8 19. Bc4 Rxc4 20. Qxc4 Ne7 21. Qe2
Nf5 22. Bf2 h5 23. Rac1 Rc8 24. h3 h4 25. Qe1 Nh5 26. Ne2 Rxc1 27. Rxc1 Qa8 28.
Qc3 Nf6 29. Nf3 Nd5 30. Qd2 Qd8 31. Ne5 Nf6 32. Qd3 Qa8 33. d5 Bxd5 34. Nd4 Nxd4
35. Qxd4 Bc5 36. Qd3 Bxg2 37. Bxc5 Bh1 38. Kf1 Qg2+ 39. Ke1 bxc5 40. Qd8+ Kh7
41. Qd3+ Ne4 42. Rc4 Qg1+ 43. Ke2 f5 44. Rc2 Qh2+ 45. Ke1 Qxf4 46. Nd7 Bf3 47.
Nxc5 Qg3+ 48. Kf1 Qxh3+ 49. Ke1 Qg3+ 50. Kf1 Nxc5 0-1

[Event "11th Gashimov Mem Rapid"]
[Site "Stepanakert ARM"]
[Date "2025.12.09"]
[Round "5.3"]
[White "Nepomniachtchi, Ian"]
[Black "Suleymanli, Aydin"]
[Result "1-0"]
[WhiteTitle "GM"]
[BlackTitle "GM"]
[WhiteElo "2723"]
[BlackElo "2628"]
[WhiteFideId "4168119"]
[BlackFideId "13413937"]
[EventDate "2025.12.09"]

1. e4 c5 2. Nf3 d6 3. d4 cxd4 4. Nxd4 Nf6 5. Nc3 e6 6. g4 h6 7. h4 Nc6 8. Rg1 d5
9. exd5 Nxd5 10. Nxd5 exd5 11. Be3 Qxh4 12. Bb5 Qh2 13. Nf3 Qc7 14. Qxd5 Be6 15.
Qd2 Rd8 16. Nd4 Bc5 17. Bxc6+ bxc6 18. Qc3 Bxd4 19. Bxd4 f6 20. O-O-O Kf7 21. b3
Rd5 22. Rde1 c5 23. Be3 Qc8 24. f3 Rhd8 25. Rg2 c4 26. b4 Qd7 27. Rge2 a5 28.
Bc5 axb4 29. Bxb4 Rd1+ 30. Kb2 Rxe1 31. Rxe1 Qc6 32. a3 Rd7 33. Qe3 c3+ 34. Qxc3
Qd5 35. Kc1 Qa2 36. Rd1 Rxd1+ 37. Kxd1 Qd5+ 38. Kc1 Qd7 39. Qe3 Bd5 40. Kb2 Qc6
41. f4 Be4 42. Bc5 g5 43. f5 Qb5+ 44. Kc3 Qa4 45. Qe2 Qa5+ 46. Kd4 Qa4+ 47. Bb4
Bxc2 48. Qe7+ Kg8 49. Qf8+ Kh7 50. Qf7+ Kh8 51. Qxf6+ Kg8 52. Qg6+ Kh8 53. Qxh6+
Kg8 54. Qxg5+ Kh8 55. Qd8+ Kh7 56. Qe7+ Kg8 57. f6 1-0

[Event "11th Gashimov Mem Rapid"]
[Site "Stepanakert ARM"]
[Date "2025.12.10"]
[Round "6.1"]
[White "Tabatabaei, M. Amin"]
[Black "Suleymanli, Aydin"]
[Result "1-0"]
[WhiteTitle "GM"]
[BlackTitle "GM"]
[WhiteElo "2700"]
[BlackElo "2628"]
[WhiteFideId "12521213"]
[BlackFideId "13413937"]
[EventDate "2025.12.09"]

1. e4 e5 2. Nf3 Nc6 3. Bc4 Nf6 4. d3 h6 5. h3 Bc5 6. Nc3 a6 7. Be3 d6 8. d4 exd4
9. Nxd4 Bxd4 10. Bxd4 O-O 11. Bxf6 Qxf6 12. O-O Be6 13. Bd3 Qd4 14. Nd5 Rac8 15.
c3 Qa7 16. Bc2 Rfe8 17. Kh2 Ne5 18. b3 c6 19. Nf4 Rcd8 20. Nh5 d5 21. f4 dxe4
22. Qe1 Qc5 23. fxe5 Qxe5+ 24. Nf4 e3 25. Qg3 Rd2 26. Nxe6 Rxe6 27. Rac1 b5 28.
Rfd1 Qxg3+ 29. Kxg3 Red6 30. Rxd2 Rxd2 31. Kf3 e2 32. Kf2 e1=Q+ 33. Kxe1 Rxg2
34. Be4 Rxa2 35. Bxc6 Kf8 36. Rd1 Ra3 37. Bd5 Ke7 38. Ke2 f5 39. Kd3 Kd6 40. Kd4
Ra2 41. c4 bxc4 42. bxc4 Rc2 43. Re1 Rd2+ 44. Kc3 Rh2 45. Re6+ Kc7 46. Rg6 Rxh3+
47. Kb4 f4 48. Kc5 Rg3 49. Rxa6 g5 50. Ra7+ Kb8 51. Rb7+ Kc8 52. Rh7 1-0

[Event "11th Gashimov Mem Rapid"]
[Site "Stepanakert ARM"]
[Date "2025.12.10"]
[Round "6.2"]
[White "Nepomniachtchi, Ian"]
[Black "Yakubboev, Nodirbek"]
[Result "1/2-1/2"]
[WhiteTitle "GM"]
[BlackTitle "GM"]
[WhiteElo "2723"]
[BlackElo "2691"]
[WhiteFideId "4168119"]
[BlackFideId "14203987"]
[EventDate "2025.12.09"]

1. e4 e5 2. Nf3 Nc6 3. Bb5 a6 4. Ba4 Nf6 5. O-O Nxe4 6. d4 b5 7. Bb3 d5 8. dxe5
Be6 9. c3 Be7 10. Bc2 Bg4 11. Qe1 Qd7 12. Nd4 Nxd4 13. cxd4 Bf5 14. Nc3 Ng3 15.
hxg3 Bxc2 16. Be3 Bd3 17. Ne2 c5 18. dxc5 d4 19. Bf4 Bxc5 20. Rc1 Bb6 21. Qd2
Bxe2 22. Qxe2 O-O 23. Qe4 Rac8 24. Rxc8 Rxc8 25. Rc1 Rxc1+ 26. Bxc1 d3 27. Qa8+
Qd8 28. Qxa6 Bxf2+ 29. Kxf2 d2 30. Bxd2 Qxd2+ 31. Kg1 Qd1+ 32. Kh2 Qh5+ 1/2-1/2

[Event "11th Gashimov Mem Rapid"]
[Site "Stepanakert ARM"]
[Date "2025.12.10"]
[Round "6.3"]
[White "Fedoseev, Vladimir3"]
[Black "Mamedov, Rauf"]
[Result "1/2-1/2"]
[WhiteTitle "GM"]
[BlackTitle "GM"]
[WhiteElo "2705"]
[BlackElo "2645"]
[WhiteFideId "24130737"]
[BlackFideId "13401653"]
[EventDate "2025.12.09"]

1. d4 d5 2. c4 c6 3. cxd5 cxd5 4. Nf3 Nf6 5. Nc3 Nc6 6. Bf4 Bf5 7. e3 e6 8. Bd3
Bxd3 9. Qxd3 Bd6 10. Bxd6 Qxd6 11. O-O O-O 12. Rfc1 Rfc8 13. a3 h6 14. Rc2 1/2-1/2

[Event "11th Gashimov Mem Rapid"]
[Site "Stepanakert ARM"]
[Date "2025.12.10"]
[Round "7.1"]
[White "Fedoseev, Vladimir3"]
[Black "Tabatabaei, M. Amin"]
[Result "1-0"]
[WhiteTitle "GM"]
[BlackTitle "GM"]
[WhiteElo "2705"]
[BlackElo "2700"]
[WhiteFideId "24130737"]
[BlackFideId "12521213"]
[EventDate "2025.12.09"]

1. d4 d5 2. c4 e6 3. Nf3 Nf6 4. Nc3 c5 5. e3 Nc6 6. a3 Ne4 7. Bd3 Nxc3 8. bxc3
Bd6 9. O-O O-O 10. h3 h6 11. Re1 Qc7 12. cxd5 exd5 13. e4 dxe4 14. Bxe4 Rd8 15.
d5 Ne5 16. Bc2 Bd7 17. c4 Re8 18. Bb2 Ng6 19. Qd3 Rxe1+ 20. Rxe1 Re8 21. Rxe8+
Bxe8 22. Qe3 Qe7 23. Bxg6 fxg6 24. Be5 Bxe5 25. Nxe5 g5 26. Nd3 Qxe3 27. fxe3 b5
28. Nxc5 bxc4 29. Kf2 c3 30. Ke1 Kf7 31. Ne4 c2 32. Kd2 Ke7 33. Nc3 Kd6 34. Kxc2
h5 35. Kd3 Ke5 36. Kc4 h4 37. Kc5 Bd7 38. Nd1 g4 39. hxg4 Bxg4 40. Nf2 Bd7 41.
Nh3 Ke4 42. Kd6 Ba4 43. Nf4 g5 44. Nh3 g4 45. Nf2+ Kxe3 46. Nxg4+ Kf4 47. Nh6
Kg5 48. Nf7+ Kf4 49. Nh6 Kg5 50. Ng8 Kf4 51. Ne7 Bc2 52. Kc7 1-0

[Event "11th Gashimov Mem Rapid"]
[Site "Stepanakert ARM"]
[Date "2025.12.10"]
[Round "7.2"]
[White "Mamedov, Rauf"]
[Black "Nepomniachtchi, Ian"]
[Result "1/2-1/2"]
[WhiteTitle "GM"]
[BlackTitle "GM"]
[WhiteElo "2645"]
[BlackElo "2723"]
[WhiteFideId "13401653"]
[BlackFideId "4168119"]
[EventDate "2025.12.09"]

1. e4 e5 2. Nf3 Nf6 3. Nxe5 d6 4. Nf3 Nxe4 5. d4 d5 6. Bd3 Be7 7. O-O Bf5 8. Re1
Nd6 9. Bf4 Bxd3 10. Qxd3 O-O 11. Nbd2 c6 12. Re2 Na6 13. Rae1 Bf6 14. h4 h6 15.
g4 Qd7 16. g5 Qg4+ 17. Bg3 hxg5 18. hxg5 Bxg5 19. Nxg5 Qxg5 20. Nf3 Qh6 21. Bxd6
Qxd6 22. Ng5 Qg6 23. Qxg6 fxg6 24. Re7 Rf5 25. Ne6 Rf7 26. Ng5 Rf5 27. Ne6 Rf7 1/2-1/2

[Event "11th Gashimov Mem Rapid"]
[Site "Stepanakert ARM"]
[Date "2025.12.10"]
[Round "7.3"]
[White "Yakubboev, Nodirbek"]
[Black "Suleymanli, Aydin"]
[Result "1-0"]
[WhiteTitle "GM"]
[BlackTitle "GM"]
[WhiteElo "2691"]
[BlackElo "2628"]
[WhiteFideId "14203987"]
[BlackFideId "13413937"]
[EventDate "2025.12.09"]

1. c4 Nf6 2. Nf3 e6 3. g3 d5 4. Bg2 dxc4 5. Qa4+ Bd7 6. Qxc4 c5 7. Nc3 Bc6 8.
O-O Nbd7 9. e4 b5 10. Nxb5 Bxe4 11. d4 a6 12. Nc3 Bb7 13. Rd1 cxd4 14. Nxd4 Bxg2
15. Kxg2 Qc8 16. Qe2 Bc5 17. Nb3 Bb4 18. Rd4 Qb7+ 19. Ne4 O-O 20. Qf3 Nd5 21. a3
Be7 22. Bf4 e5 23. Na5 Qb5 24. a4 Qxa5 25. Bd2 Nf4+ 26. gxf4 Qc7 27. Rc1 Qa7 28.
Rdc4 Rad8 29. Ba5 f5 30. Bxd8 Rxd8 31. Nd6 Bxd6 32. Qd5+ Kh8 33. Rc8 1-0

[Event "11th Gashimov Mem Rapid"]
[Site "Stepanakert ARM"]
[Date "2025.12.10"]
[Round "8.1"]
[White "Tabatabaei, M. Amin"]
[Black "Yakubboev, Nodirbek"]
[Result "1-0"]
[WhiteTitle "GM"]
[BlackTitle "GM"]
[WhiteElo "2700"]
[BlackElo "2691"]
[WhiteFideId "12521213"]
[BlackFideId "14203987"]
[EventDate "2025.12.09"]

1. e4 e5 2. Nf3 Nc6 3. Bc4 Nf6 4. d3 Be7 5. O-O O-O 6. Nc3 d6 7. a4 a5 8. Re1 h6
9. h3 Re8 10. Ne2 Bf8 11. Bb5 Bd7 12. Ng3 Ne7 13. d4 exd4 14. Qxd4 Nc6 15. Qd1
Ne5 16. b3 g6 17. Nxe5 dxe5 18. Qf3 Bxb5 19. axb5 Re6 20. Rd1 Qe8 21. c4 Nd7 22.
Nf1 Nc5 23. Rb1 Rd8 24. Ba3 Kg7 25. Rxd8 Qxd8 26. Ne3 c6 27. Rd1 Rd6 28. Rxd6
Qxd6 29. bxc6 bxc6 30. Ng4 Qe6 31. Qe3 h5 32. Bxc5 hxg4 33. Bxf8+ Kxf8 34. Qc5+
Kg8 35. h4 g3 36. fxg3 Qg4 37. Kh2 Qxe4 38. Qxa5 Kg7 39. b4 Qxc4 40. Qxe5+ Kg8
41. Qc5 Qe4 42. Qc3 Qe6 43. Kg1 Qe4 44. Kh2 Qe6 45. Qf3 Qc4 46. Qf4 Qd5 47. g4
Kg7 48. g5 c5 49. b5 c4 50. b6 c3 51. Qf6+ Kh7 52. h5 gxh5 53. g6+ fxg6 54. Qe7+
Kh6 55. b7 Qg8 56. Qe3+ Kh7 57. Qa7 1-0

[Event "11th Gashimov Mem Rapid"]
[Site "Stepanakert ARM"]
[Date "2025.12.10"]
[Round "8.2"]
[White "Suleymanli, Aydin"]
[Black "Mamedov, Rauf"]
[Result "1-0"]
[WhiteTitle "GM"]
[BlackTitle "GM"]
[WhiteElo "2628"]
[BlackElo "2645"]
[WhiteFideId "13413937"]
[BlackFideId "13401653"]
[EventDate "2025.12.09"]

1. e4 c5 2. Nf3 Nc6 3. Bb5 g6 4. O-O Bg7 5. d3 e5 6. a3 Nge7 7. b4 d6 8. bxc5
dxc5 9. Bg5 Bd7 10. Bxc6 Bxc6 11. Bxe7 Qxe7 12. c4 O-O 13. Nc3 f5 14. Qe2 Qd6
15. a4 Rad8 16. Rfd1 h6 17. a5 a6 18. Rab1 Rd7 19. Nd5 Rdf7 20. Rb6 Bf6 21. exf5
Bd8 22. Qxe5 Qd7 23. Qe6 gxf5 24. Qxd7 Rxd7 25. Ne5 Bxb6 26. Nxd7 Bxd7 27. Nxb6
Bc6 28. f4 Rd8 29. Kf2 Kf7 30. g3 h5 31. h4 Kf6 32. Ke3 Rg8 33. Rg1 Ke6 34. Re1
Kf6 35. Kf2 Rd8 36. Re3 Kf7 37. Ke2 Kf6 38. Kd2 Rg8 39. Nd5+ Bxd5 40. cxd5 Rd8
41. Re5 Rd6 42. Kc3 b5 43. axb6 Rxb6 44. Kc4 a5 45. Kxc5 Rb3 46. Re3 a4 47. d6
Rb8 48. d7 1-0